Mixed tenure agreements report (Record no. 116984)

MARC details
000 -LEADER
fixed length control field 00943cam a2200217 4500
001 - CONTROL NUMBER
control field WB4005-12
008 - FIXED-LENGTH DATA ELEMENTS--GENERAL INFORMATION
fixed length control field 040203n2004 000 0 eng u
035 ## - SYSTEM CONTROL NUMBER
System control number (Sirsi) u124998
245 ## - TITLE STATEMENT
Title Mixed tenure agreements report
260 ## - PUBLICATION, DISTRIBUTION, ETC.
Date of publication, distribution, etc. 2004
490 ## - SERIES STATEMENT
Series statement Inside Housing
Volume/sequential designation 30 January 2004, 4(1)
520 ## - SUMMARY, ETC.
Summary, etc. "Mixed tenure agreements: a reivew of partnership models" from the Joseph Rowntree Foundation, reviews Section 106 and Joint Venture development agreements for mixed tenure communities. The report provides detailed evaluation on a number of different agreements, together with a number of policy suggestions. This is available free of charge from the foundation. http://www.jrf.org.uk/bookshop/details.asp?pubID=5 82
590 ## - LOCAL NOTE (RLIN)
Local note WB
590 ## - LOCAL NOTE (RLIN)
Local note WB
650 ## - SUBJECT ADDED ENTRY--TOPICAL TERM
Topical term or geographic name entry element SECTION 106 AGREEMENTS
650 ## - SUBJECT ADDED ENTRY--TOPICAL TERM
Topical term or geographic name entry element JOINT VENTURE DEVELOPMENTS
650 ## - SUBJECT ADDED ENTRY--TOPICAL TERM
Topical term or geographic name entry element MIXED TENURE
650 ## - SUBJECT ADDED ENTRY--TOPICAL TERM
Topical term or geographic name entry element SOCIAL HOUSING
690 ## - LOCAL SUBJECT ADDED ENTRY--TOPICAL TERM (OCLC, RLIN)
Topical term or geographic name as entry element PLANNING
942 ## - ADDED ENTRY ELEMENTS (KOHA)
Suppress in OPAC 0
Holdings
Withdrawn status Lost status Source of classification or shelving scheme Damaged status Not for loan Home library Current library Shelving location Date acquired Total Checkouts Full call number Barcode Date last seen Copy number Price effective from Koha item type
    Dewey Decimal Classification     London London News article 03/02/2004   WB4005-12 124998-1001 06/08/2019 1 06/08/2019 News article